Crónicas de Norteamérica
Uloženo v:
| Hlavní autoři: | , , , , , , , , , , , |
|---|---|
| Médium: | Kniha |
| Jazyk: | španělština |
| Vydáno: |
Buenos Aires
Jorge Alvarez S. A
1967
|
| Témata: | |
| Tagy: |
Přidat tag
Žádné tagy, Buďte první, kdo vytvoří štítek k tomuto záznamu!
|
MARC
| LEADER | 00000cam a2200000 a 4500 | ||
|---|---|---|---|
| 001 | UCF8545 | ||
| 003 | CL-VaPUC | ||
| 008 | 130906e19670000ag |||||||||||||||||spa|d | ||
| 082 | 0 | 4 | |a 813 |b FAU |2 21 |
| 100 | 0 | |a Faulkner, William |e author |9 313148 | |
| 700 | 0 | |a Wolfe, Thomas |e author |9 570643 | |
| 700 | 0 | |a Lardner, Ring |e author |9 570644 | |
| 700 | 0 | |a Fitzgerald, F. Scott |e author |9 570645 | |
| 700 | 0 | |a Caldwell, Erskine |e author |9 570646 | |
| 700 | 0 | |a Algren, Nelson |e author |9 570647 | |
| 700 | 0 | |a Anderson, Sherwood |e author |9 416451 | |
| 700 | 0 | |a Purdy, James |e author |9 371534 | |
| 700 | |a Hemingway, Ernest |e author |9 582258 | ||
| 700 | 0 | |a Updike, John |e author |9 416447 | |
| 700 | 0 | |a Capote, Truman |e author |9 570649 | |
| 700 | 0 | |a Baldwin, James |e author |9 570650 | |
| 245 | 1 | 0 | |a Crónicas de Norteamérica |
| 300 | |a 297 p | ||
| 942 | |c BK | ||
| 945 | |d 20130906 13:01:00 |a dcastane | ||
| 260 | |a Buenos Aires |b Jorge Alvarez S. A |c 1967 | ||
| 650 | 0 | |a Cuentos estadounidenses |9 265133 | |
| 650 | 0 | |a Literatura estadounidense |9 317168 | |
| 583 | |a last modification |c 20130906 13:01:00 |k Rodrigo Vera | ||
| 999 | |c 353114 |d 353112 | ||
| 952 | |0 0 |1 0 |3 erb |4 0 |6 813_000000000000000_FAU_1967 |7 0 |8 A |9 458041 |a BIBHIS |b BIBHIS |d 2019-11-23 |i 5002222 |o 813 FAU 1967 |p 5002222 |r 2025-01-20 |w 2019-11-23 |y BK |z Catalogado en:20130906 |k HIS | ||